ACCA: Corporate and business law (LW) (Glo) (Record no. 130632)
[ view plain ]
| 000 -LEADER | |
|---|---|
| fixed length control field | 01514cas a22003615i 4500 |
| 001 - CONTROL NUMBER | |
| control field | 19701168 |
| 003 - CONTROL NUMBER IDENTIFIER | |
| control field | ARRUPE |
| 005 - DATE AND TIME OF LATEST TRANSACTION | |
| control field | 20210702144059.0 |
| 008 - FIXED-LENGTH DATA ELEMENTS--GENERAL INFORMATION | |
| fixed length control field | 170612c201u9999enkuu | a0eng |
| 010 ## - LIBRARY OF CONGRESS CONTROL NUMBER | |
| LC control number | 2017206480 |
| 020 ## - INTERNATIONAL STANDARD BOOK NUMBER | |
| International Standard Book Number | 9781509738557 |
| 035 ## - SYSTEM CONTROL NUMBER | |
| System control number | (OCoLC)ocn993261189 |
| 040 ## - CATALOGING SOURCE | |
| Original cataloging agency | DLC |
| Language of cataloging | eng |
| Transcribing agency | DLC |
| Description conventions | rda |
| 042 ## - AUTHENTICATION CODE | |
| Authentication code | pcc |
| 050 00 - LIBRARY OF CONGRESS CALL NUMBER | |
| Classification number | HF5661.A262427 2021 F4 |
| 300 ## - PHYSICAL DESCRIPTION | |
| Dimensions | 30cm. |
| 245 00 - TITLE STATEMENT | |
| Title | ACCA: Corporate and business law (LW) (Glo) |
| Number of part/section of a work | Practice and revision kit |
| Name of part/section of a work | For exams from 1st September 2021 to 31st August 2022 |
| 246 1# - VARYING FORM OF TITLE | |
| Title proper/short title | ACCA. |
| Number of part/section of a work | Paper F4 |
| Name of part/section of a work | Corporate and business law |
| -- | Study system |
| 246 1# - VARYING FORM OF TITLE | |
| Title proper/short title | Corporate and business law |
| Name of part/section of a work | Study system |
| 246 1# - VARYING FORM OF TITLE | |
| Title proper/short title | Corporate and business law |
| Name of part/section of a work | practice and revision kit |
| 250 ## - EDITION STATEMENT | |
| Edition statement | 1st |
| 260 ## - PUBLICATION, DISTRIBUTION, ETC. (IMPRINT) | |
| Place of publication, distribution, etc | London |
| Name of publisher, distributor, etc | BPP |
| Date of publication, distribution, etc | 2021 |
| 300 ## - PHYSICAL DESCRIPTION | |
| Extent | xvi, 352p |
| 500 ## - GENERAL NOTE | |
| General note | Includes Ebook |
| 650 ## - SUBJECT ADDED ENTRY--TOPICAL TERM | |
| Source of heading or term | Association of Chartered Certified Accountants |
| General subdivision | Examinations |
| -- | Study guides |
| 9 (RLIN) | 50169 |
| 650 ## - SUBJECT ADDED ENTRY--TOPICAL TERM | |
| Source of heading or term | Accountants |
| General subdivision | Certification |
| -- | Examinations |
| -- | Study guides |
| 9 (RLIN) | 50170 |
| 650 ## - SUBJECT ADDED ENTRY--TOPICAL TERM | |
| Source of heading or term | Business law |
| General subdivision | Examinations |
| -- | Study guides |
| 9 (RLIN) | 50169 |
| 650 ## - SUBJECT ADDED ENTRY--TOPICAL TERM | |
| Source of heading or term | Corporation law |
| General subdivision | Examinations |
| -- | Study guides |
| 9 (RLIN) | 50169 |
| 710 2# - ADDED ENTRY--CORPORATE NAME | |
| Corporate name or jurisdiction name as entry element | Association of Chartered Certified Accountants |
| 9 (RLIN) | 50160 |
| 906 ## - LOCAL DATA ELEMENT F, LDF (RLIN) | |
| a | 7 |
| b | par |
| c | serorig |
| d | 2 |
| e | ncip |
| f | 20 |
| g | n-oclcserc |
| 942 ## - ADDED ENTRY ELEMENTS (KOHA) | |
| Source of classification or shelving scheme | Library of Congress Classification |
| Koha item type | Monograph ( Printed materials) |
| Withdrawn status | Lost status | Source of classification or shelving scheme | Damaged status | Not for loan | Home library | Current library | Date acquired | Total Checkouts | Total Renewals | Full call number | Barcode | Date last seen | Date checked out | Price effective from | Koha item type |
|---|---|---|---|---|---|---|---|---|---|---|---|---|---|---|---|
| Library of Congress Classification | ARRUPE LIBRARY | ARRUPE LIBRARY | 02/07/2021 | 6 | 1 | HF5661.A262427 2021 F4 | 46600008274 | 04/02/2026 | 07/04/2025 | 02/07/2021 | Monograph ( Printed materials) |